Anima Christi per coro, organo e ottoni (timpani ad libitum) /
| Main Author: | Blabla, Jan, 1929- |
|---|---|
| Other Authors: | Ignác z Loyoly, svatý, 1491-1556 |
| Language: | Latin |
| Published: |
Praha : Spectrum, 2001 |
| Series: |
Musica sacra
|
| Physical Description: |
1 partitura (17 s.) ; 29 cm |
| LEADER | 01381ncm a2200409 a 4500 | ||
|---|---|---|---|
| 001 | 000601541 | ||
| 003 | CZ BrMZK | ||
| 005 | 20120109111119.0 | ||
| 007 | q | ||
| 008 | 020521s2001 xr cca f lat d | ||
| 015 | |a cnb001093788 | ||
| 024 | 2 | |a M706523149 | |
| 028 | 2 | 1 | |a 9904020 |b Spectrum |
| 040 | |a BOA001 |b cze | ||
| 043 | |a e-xr--- | ||
| 045 | |a x-x- | ||
| 047 | |a cc | ||
| 048 | |a ca01 |b kb01 |b bu05 |b pa01 | ||
| 080 | |a 78.087.684 |2 MRF | ||
| 080 | |a 783 |2 MRF | ||
| 080 | |a (437.3) |2 MRF | ||
| 080 | |a 78.089.6 |2 MRF | ||
| 100 | 1 | |a Blabla, Jan, |d 1929- |7 jn20000400182 |4 cmp | |
| 245 | 1 | 0 | |a Anima Christi |h [hudebnina] : |b per coro, organo e ottoni (timpani ad libitum) / |c Jan Blabla ; (oratio Sti Ignatii de Loyola) |
| 260 | |a Praha : |b Spectrum, |c 2001 | ||
| 300 | |a 1 partitura (17 s.) ; |c 29 cm | ||
| 490 | 1 | |a Musica sacra | |
| 648 | 7 | |a 20. století |7 ch460558 |2 czenas | |
| 650 | 0 | 4 | |a modlitby (smíšený sbor, varhany, trubka (3), trombon (3), tympány) |
| 650 | 0 | 7 | |a smíšené sbory |7 ph291750 |2 czenas |
| 650 | 0 | 7 | |a duchovní hudba |7 ph114372 |z Česko |y 20. stol. |2 czenas |
| 655 | 7 | |a partitury |7 fd185981 |2 czenas | |
| 700 | 0 | |a Ignác z Loyoly, |c svatý, |d 1491-1556 |7 jn20000700771 |4 aut | |
| 830 | 0 | |a Musica sacra | |
| 910 | |a BOA001 |b Mus4-1094.603 | ||
| 990 | |a MU | ||
| 996 | 6 | |b 2610160952 |c Mus4-1094.603 |l MZK |r Sklad / do 1 hodiny |n 2 |w 000601541 |u 000010 |a 1 |e BOA001 |j MZK50 |s P | |
English
Čeština 